[Event "MP do 16 lat - chlopcy"]
[Site "Sypniewo"]
[Date "2022.03.20"]
[Round "2.7"]
[White "Dziewonski, Dariusz"]
[Black "Ciszewski, Krzysztof"]
[Result "0-1"]
[BlackElo "1939"]
[WhiteElo "2093"]
[LiveChessVersion "1.4.8"]

1. e4 {[%clk 1:30:58]} c5 {[%clk 1:30:55]} 2. Nc3 {[%clk 1:31:20]} d6
{[%clk 1:31:08]} 3. d4 {[%clk 1:31:41]} cxd4 {[%clk 1:31:30]} 4. Qxd4
{[%clk 1:32:05]} Nc6 {[%clk 1:31:37]} 5. Qd2 {[%clk 1:32:29]} Nf6
{[%clk 1:29:13]} 6. b3 {[%clk 1:32:32]} e6 {[%clk 1:27:45]} 7. Bb2
{[%clk 1:32:32]} Be7 {[%clk 1:26:28]} 8. O-O-O {[%clk 1:32:25]} a6
{[%clk 1:22:10]} 9. f4 {[%clk 1:32:43]} b5 {[%clk 1:21:57]} 10. Bd3
{[%clk 1:28:11]} Bb7 {[%clk 1:15:23]} 11. Nf3 {[%clk 1:23:51]} Rc8
{[%clk 1:09:09]} 12. Kb1 {[%clk 1:18:59]} Nb4 {[%clk 0:48:59]} 13. g4
{[%clk 1:03:56]} Nxd3 {[%clk 0:48:07]} 14. cxd3 {[%clk 1:04:01]} b4
{[%clk 0:44:26]} 15. Na4 {[%clk 0:28:33]} Nxe4 {[%clk 0:43:18]} 16. Qe2
{[%clk 0:26:19]} Nc3+ {[%clk 0:41:26]} 17. Bxc3 {[%clk 0:25:13]} bxc3
{[%clk 0:41:46]} 18. Rc1 {[%clk 0:24:22]} Bf6 {[%clk 0:32:26]} 19. g5
{[%clk 0:18:07]} Bxf3 {[%clk 0:31:56]} 20. Qxf3 {[%clk 0:18:33]} Bd4
{[%clk 0:32:16]} 21. h4 {[%clk 0:17:08]} Qa5 {[%clk 0:22:45]} 22. Qe4
{[%clk 0:12:25]} e5 {[%clk 0:20:40]} 23. f5 {[%clk 0:11:19]} O-O {[%clk 0:12:16]}
24. Rh2 {[%clk 0:08:17]} Rb8 {[%clk 0:10:53]} 25. Kc2 {[%clk 0:07:31]} d5
{[%clk 0:06:49]} 26. Qe2 {[%clk 0:05:15]} Rb4 {[%clk 0:04:20]} 27. Kd1
{[%clk 0:05:36]} e4 {[%clk 0:03:56]} 28. Nxc3 {[%clk 0:04:30]} exd3
{[%clk 0:02:20]} 29. Qxd3 {[%clk 0:03:52]} Be5 {[%clk 0:02:32]} 30. Rd2
{[%clk 0:02:53]} Bf4 {[%clk 0:02:19]} 31. Nxd5 {[%clk 0:00:45]} Bxd2
{[%clk 0:02:41]} 32. Qxd2 {[%clk 0:00:34]} Rb5 {[%clk 0:02:22]} 33. Ne7+
{[%clk 0:00:38]} Kh8 {[%clk 0:02:46]} 34. Qxa5 Rxa5 {[%clk 0:03:14]} 35. Rc2
{[%clk 0:00:32]} Re5 {[%clk 0:02:00]} 36. Rc7 {[%clk 0:00:32]} Re8
{[%clk 0:01:31]} 37. f6 {[%clk 0:00:57]} gxf6 {[%clk 0:01:49]} 38. gxf6
{[%clk 0:01:26]} Re6 {[%clk 0:01:55]} 39. Nc6 {[%clk 0:00:35]} Rxf6
{[%clk 0:02:14]} 40. Nb4 {[%clk 0:30:51]} Rd6+ {[%clk 0:31:45]} 41. Kc1
{[%clk 0:27:49]} Kg7 {[%clk 0:30:18]} 42. Nc2 {[%clk 0:27:13]} Kg6
{[%clk 0:26:25]} 43. a4 {[%clk 0:27:21]} f5 {[%clk 0:25:55]} 44. h5+
{[%clk 0:27:34]} Kxh5 {[%clk 0:25:46]} 45. Rxh7+ {[%clk 0:27:59]} Kg4
{[%clk 0:24:37]} 46. Rg7+ {[%clk 0:28:24]} Kf3 {[%clk 0:23:29]} 47. b4
{[%clk 0:28:29]} f4 {[%clk 0:22:44]} 48. b5 {[%clk 0:28:44]} axb5
{[%clk 0:21:20]} 49. axb5 {[%clk 0:29:11]} Ke2 {[%clk 0:14:11]} 50. Rg1
{[%clk 0:23:51]} Kf2 {[%clk 0:14:00]} 51. Rg4 {[%clk 0:23:57]} f3
{[%clk 0:12:45]} 52. Nd4 {[%clk 0:23:54]} Red8 {[%clk 0:09:18]} 53. Nf5
{[%clk 0:21:37]} Rd5 {[%clk 0:08:19]} 54. Nh4 {[%clk 0:19:28]} Rc8+
{[%clk 0:05:47]} 0-1

[Event "MP do 16 lat - chlopcy"]
[Site "Sypniewo"]
[Date "2022.03.20"]
[Round "2.8"]
[White "Starosciak, Szymon"]
[Black "Backiel, Hubert"]
[Result "1/2-1/2"]
[BlackElo "2075"]
[WhiteElo "1921"]
[LiveChessVersion "1.4.8"]

1. d4 {[%clk 1:30:53]} Nf6 {[%clk 1:30:20]} 2. c4 {[%clk 1:31:18]} e6
{[%clk 1:30:42]} 3. Nf3 {[%clk 1:30:50]} b6 {[%clk 1:30:59]} 4. g3
{[%clk 1:28:51]} Bb7 {[%clk 1:25:57]} 5. Bg2 {[%clk 1:29:16]} d5 {[%clk 1:16:38]}
6. cxd5 {[%clk 1:24:19]} exd5 {[%clk 1:16:17]} 7. O-O {[%clk 1:22:48]} Bd6
{[%clk 1:15:30]} 8. Nc3 {[%clk 1:21:22]} a6 {[%clk 1:13:48]} 9. Ne5
{[%clk 1:18:20]} Nbd7 {[%clk 1:05:29]} 10. Nxd7 {[%clk 0:56:59]} Qxd7
{[%clk 1:04:08]} 11. Qb3 {[%clk 0:56:22]} Qf5 {[%clk 0:42:44]} 12. Qa4+
{[%clk 0:54:14]} Kf8 {[%clk 0:38:59]} 13. f3 {[%clk 0:48:35]} Qg6
{[%clk 0:33:40]} 14. e4 {[%clk 0:36:36]} dxe4 {[%clk 0:32:00]} 15. fxe4
{[%clk 0:36:57]} Nxe4 {[%clk 0:30:53]} 16. Qd7 {[%clk 0:33:18]} Re8
{[%clk 0:25:56]} 17. Bf4 {[%clk 0:31:34]} Re7 {[%clk 0:18:40]} 18. Qd8+
{[%clk 0:31:36]} Re8 {[%clk 0:18:57]} 19. Qd7 {[%clk 0:32:00]} Re7
{[%clk 0:07:58]} 20. Qd8+ {[%clk 0:31:56]} Re8 {[%clk 0:08:23]} 21. Qd7
{[%clk 0:32:21]} Re7 {[%clk 0:05:23]} 22. Qd8+ {[%clk 0:32:46]} Re8
{[%clk 0:05:48]} 23. Qd7 {[%clk 0:33:13]} Re7 {[%clk 0:06:14]} 24. Qd8+
{[%clk 0:33:37]} Re8 {[%clk 0:06:42]} 25. Qd7 {[%clk 0:34:01]} 1/2-1/2

[Event "MP do 16 lat - chlopcy"]
[Site "Sypniewo"]
[Date "2022.03.20"]
[Round "2.9"]
[White "Janeczko, Jakub"]
[Black "Kutowski, Marcel"]
[Result "1-0"]
[BlackElo "1914"]
[WhiteElo "2053"]
[LiveChessVersion "1.4.8"]

1. e4 {[%clk 1:30:58]} c5 {[%clk 1:30:55]} 2. Nf3 {[%clk 1:31:07]} d6
{[%clk 1:31:09]} 3. d4 {[%clk 1:31:31]} cxd4 {[%clk 1:31:26]} 4. Nxd4
{[%clk 1:31:55]} Nf6 {[%clk 1:31:43]} 5. Nc3 {[%clk 1:32:18]} a6 {[%clk 1:31:52]}
6. f4 {[%clk 1:31:57]} e5 {[%clk 1:27:33]} 7. Nb3 {[%clk 1:32:21]} Nc6
{[%clk 1:24:54]} 8. Be2 {[%clk 1:32:33]} Be7 {[%clk 1:22:58]} 9. O-O
{[%clk 1:31:54]} O-O {[%clk 1:20:18]} 10. Kh1 {[%clk 1:28:28]} b5
{[%clk 1:13:14]} 11. a4 {[%clk 1:22:30]} b4 {[%clk 1:04:55]} 12. Nd5
{[%clk 1:22:51]} Nxd5 {[%clk 1:04:23]} 13. exd5 {[%clk 1:18:15]} Nb8
{[%clk 1:02:44]} 14. a5 {[%clk 0:58:56]} Bb7 {[%clk 0:48:32]} 15. Ra4
{[%clk 0:58:34]} Nd7 {[%clk 0:44:50]} 16. Rxb4 {[%clk 0:58:50]} Rb8
{[%clk 0:43:51]} 17. Be3 {[%clk 0:57:19]} Qc7 {[%clk 0:42:12]} 18. Rc4
{[%clk 0:50:39]} Qd8 {[%clk 0:40:01]} 19. Rb4 {[%clk 0:48:43]} Qc7
{[%clk 0:37:12]} 20. Qd2 {[%clk 0:42:49]} Nf6 {[%clk 0:30:41]} 21. c4
{[%clk 0:41:42]} Ba8 {[%clk 0:27:49]} 22. Bb6 {[%clk 0:38:20]} Qd7
{[%clk 0:26:08]} 23. Qe3 {[%clk 0:35:18]} Rfe8 {[%clk 0:21:55]} 24. Bd3
{[%clk 0:26:16]} e4 {[%clk 0:14:45]} 25. Be2 {[%clk 0:23:15]} Bf8
{[%clk 0:08:26]} 26. Nd4 {[%clk 0:20:08]} g6 {[%clk 0:07:01]} 27. Bd1
{[%clk 0:19:23]} Qc8 {[%clk 0:04:21]} 28. Ba4 {[%clk 0:18:19]} Re7
{[%clk 0:04:39]} 29. f5 {[%clk 0:15:58]} Bg7 {[%clk 0:05:00]} 30. Qg5
{[%clk 0:13:01]} Re5 {[%clk 0:04:28]} 31. Qe3 {[%clk 0:09:15]} Qf8
{[%clk 0:02:10]} 32. fxg6 {[%clk 0:08:26]} hxg6 {[%clk 0:02:34]} 33. Rb3
{[%clk 0:07:51]} Qe7 {[%clk 0:02:03]} 34. Bc6 {[%clk 0:06:39]} Rh5
{[%clk 0:02:05]} 35. Bxa8 {[%clk 0:06:26]} Ng4 {[%clk 0:01:35]} 36. Qg3
{[%clk 0:03:44]} Nxh2 {[%clk 0:01:50]} 37. Kg1 {[%clk 0:02:29]} Nxf1
{[%clk 0:01:10]} 38. Kxf1 {[%clk 0:02:33]} Bxd4 {[%clk 0:00:59]} 39. Bxd4
{[%clk 0:03:02]} Rxa8 {[%clk 0:01:18]} 40. Rb6 {[%clk 0:31:48]} Rf5+
{[%clk 0:31:01]} 41. Ke2 {[%clk 0:32:13]} Re8 {[%clk 0:20:14]} 42. Rxd6
{[%clk 0:30:57]} e3 {[%clk 0:19:08]} 43. Rxg6+ {[%clk 0:30:58]} fxg6
{[%clk 0:19:23]} 44. Qxg6+ Kf8 {[%clk 0:19:44]} 45. Qh6+ {[%clk 0:31:27]} Kg8
{[%clk 0:19:59]} 46. Qh8+ {[%clk 0:31:53]} 1-0

[Event "MP do 16 lat - chlopcy"]
[Site "Sypniewo"]
[Date "2022.03.20"]
[Round "2.10"]
[White "Biesiadecki, Adam"]
[Black "Kejna, Piotr"]
[Result "0-1"]
[BlackElo "2037"]
[WhiteElo "1916"]
[LiveChessVersion "1.4.8"]

1. Nf3 {[%clk 1:30:58]} Nf6 {[%clk 1:30:34]} 2. c4 {[%clk 1:31:19]} d6
{[%clk 1:30:35]} 3. d4 {[%clk 1:31:35]} g6 {[%clk 1:30:37]} 4. Nc3
{[%clk 1:31:57]} Bg7 {[%clk 1:30:36]} 5. e4 {[%clk 1:32:20]} Bg4 {[%clk 1:28:17]}
6. Be2 {[%clk 1:32:40]} O-O {[%clk 1:27:13]} 7. Be3 {[%clk 1:31:23]} e5
{[%clk 1:23:11]} 8. h3 {[%clk 1:29:38]} Bxf3 {[%clk 1:22:19]} 9. Bxf3
{[%clk 1:29:56]} Nfd7 {[%clk 1:21:35]} 10. dxe5 {[%clk 1:28:10]} Nxe5
{[%clk 1:19:59]} 11. Be2 {[%clk 1:27:23]} Nbd7 {[%clk 1:12:43]} 12. O-O
{[%clk 1:26:35]} Nb6 {[%clk 1:08:47]} 13. Qb3 {[%clk 1:23:50]} Nc6
{[%clk 1:01:11]} 14. Rad1 {[%clk 1:20:22]} Qe7 {[%clk 0:53:37]} 15. f3
{[%clk 1:12:46]} Rfe8 {[%clk 0:45:20]} 16. Rfe1 {[%clk 1:03:04]} Kh8
{[%clk 0:38:58]} 17. Nd5 {[%clk 1:01:45]} Nxd5 {[%clk 0:39:06]} 18. cxd5
{[%clk 0:57:58]} Nd8 {[%clk 0:38:23]} 19. Bd4 {[%clk 0:57:01]} f6
{[%clk 0:37:00]} 20. Rc1 {[%clk 0:56:13]} c5 {[%clk 0:36:22]} 21. dxc6
{[%clk 0:55:50]} bxc6 {[%clk 0:35:52]} 22. Rc2 {[%clk 0:52:53]} Ne6
{[%clk 0:30:58]} 23. Be3 {[%clk 0:49:44]} Rab8 {[%clk 0:30:39]} 24. Qa3
{[%clk 0:49:08]} c5 {[%clk 0:29:42]} 25. Bc4 {[%clk 0:48:46]} Nd4
{[%clk 0:27:39]} 26. Bxd4 {[%clk 0:46:07]} cxd4 {[%clk 0:28:08]} 27. Bd5
{[%clk 0:45:43]} Bh6 {[%clk 0:26:43]} 28. Rc6 {[%clk 0:43:21]} Be3+
{[%clk 0:26:13]} 29. Kh1 {[%clk 0:42:20]} Red8 {[%clk 0:25:05]} 30. Re2
{[%clk 0:41:32]} Rd7 {[%clk 0:23:52]} 31. Rec2 {[%clk 0:39:58]} Qe5
{[%clk 0:23:02]} 32. Ra6 {[%clk 0:30:40]} Qg3 {[%clk 0:22:17]} 33. Re2
{[%clk 0:30:45]} Bf4 {[%clk 0:18:51]} 34. Kg1 {[%clk 0:31:12]} Qh2+
{[%clk 0:19:01]} 35. Kf1 {[%clk 0:31:11]} Bg3 {[%clk 0:19:21]} 36. Rf2
{[%clk 0:31:25]} Qh1+ {[%clk 0:19:27]} 37. Ke2 {[%clk 0:31:50]} Qc1
{[%clk 0:19:27]} 0-1

[Event "MP do 16 lat - chlopcy"]
[Site "Sypniewo"]
[Date "2022.03.20"]
[Round "2.11"]
[White "Fiszer, Bartosz"]
[Black "Malinowski, Szymon"]
[Result "1-0"]
[BlackElo "1675"]
[WhiteElo "2226"]
[LiveChessVersion "1.4.8"]

1. e4 {[%clk 1:30:47]} c6 {[%clk 1:30:49]} 2. d4 {[%clk 1:31:13]} d5
{[%clk 1:31:09]} 3. Nd2 {[%clk 1:31:39]} dxe4 {[%clk 1:31:29]} 4. Nxe4
{[%clk 1:32:07]} Bf5 {[%clk 1:31:46]} 5. Ng3 {[%clk 1:32:26]} Bg6
{[%clk 1:32:08]} 6. h4 {[%clk 1:32:53]} h6 {[%clk 1:32:21]} 7. Nf3
{[%clk 1:33:20]} Nd7 {[%clk 1:32:33]} 8. h5 {[%clk 1:33:33]} Bh7 {[%clk 1:32:53]}
9. Bd3 {[%clk 1:34:02]} Bxd3 {[%clk 1:33:11]} 10. Qxd3 {[%clk 1:34:29]} e6
{[%clk 1:33:21]} 11. Bd2 {[%clk 1:34:23]} Qc7 {[%clk 1:33:07]} 12. O-O-O
{[%clk 1:34:17]} O-O-O {[%clk 1:32:55]} 13. Ne4 {[%clk 1:28:35]} Ngf6
{[%clk 1:30:57]} 14. g3 {[%clk 1:16:48]} Nxe4 {[%clk 1:26:14]} 15. Qxe4
{[%clk 1:17:12]} Nf6 {[%clk 1:26:04]} 16. Qe2 {[%clk 1:16:37]} Bd6
{[%clk 1:25:26]} 17. c4 {[%clk 1:15:04]} c5 {[%clk 1:22:52]} 18. Bc3
{[%clk 1:11:46]} Rhe8 {[%clk 1:17:51]} 19. Kb1 {[%clk 1:05:33]} cxd4
{[%clk 1:05:33]} 20. Nxd4 {[%clk 0:56:16]} a6 {[%clk 1:04:34]} 21. Nb3
{[%clk 0:45:04]} b6 {[%clk 0:52:17]} 22. Bxf6 {[%clk 0:37:05]} gxf6
{[%clk 0:51:34]} 23. Qe3 {[%clk 0:30:06]} f5 {[%clk 0:31:04]} 24. Qxh6
{[%clk 0:29:39]} Bc5 {[%clk 0:29:49]} 25. Nxc5 {[%clk 0:24:57]} Qxc5
{[%clk 0:29:56]} 26. Qf4 {[%clk 0:24:26]} Qc6 {[%clk 0:19:17]} 27. h6
{[%clk 0:23:35]} Kb7 {[%clk 0:18:14]} 28. f3 {[%clk 0:15:04]} Qc8
{[%clk 0:07:39]} 29. b3 {[%clk 0:12:14]} f6 {[%clk 0:06:48]} 30. Rd6
{[%clk 0:08:35]} e5 {[%clk 0:07:01]} 31. Qd2 {[%clk 0:08:08]} Rxd6
{[%clk 0:00:56]} 32. Qxd6 {[%clk 0:08:32]} Rd8 {[%clk 0:01:17]} 33. Qe7+
{[%clk 0:07:07]} Rd7 {[%clk 0:00:46]} 34. Qxf6 {[%clk 0:07:32]} Qc5
{[%clk 0:00:36]} 35. Qxf5 {[%clk 0:07:31]} Rd2 {[%clk 0:00:45]} 36. h7
{[%clk 0:07:44]} Qa3 {[%clk 0:00:35]} 37. Qf7+ {[%clk 0:08:02]} Kc6
{[%clk 0:00:38]} 38. Rh6+ {[%clk 0:08:22]} 1-0

[Event "MP do 16 lat - chlopcy"]
[Site "Sypniewo"]
[Date "2022.03.20"]
[Round "2.12"]
[White "Kusiak, Mateusz"]
[Black "Chyzy, Jakub"]
[Result "0-1"]
[BlackElo "2227"]
[WhiteElo "1715"]
[LiveChessVersion "1.4.8"]

1. e4 {[%clk 1:30:58]} e5 {[%clk 1:30:57]} 2. Nf3 {[%clk 1:31:21]} Nc6
{[%clk 1:31:20]} 3. Bb5 {[%clk 1:31:38]} a6 {[%clk 1:31:47]} 4. Ba4
{[%clk 1:32:03]} Nf6 {[%clk 1:32:12]} 5. O-O {[%clk 1:32:27]} Be7
{[%clk 1:32:38]} 6. Re1 {[%clk 1:32:49]} b5 {[%clk 1:33:06]} 7. Bb3
{[%clk 1:33:12]} d6 {[%clk 1:33:33]} 8. h3 {[%clk 1:33:24]} Na5 {[%clk 1:31:13]}
9. c3 {[%clk 1:32:29]} Nxb3 {[%clk 1:31:27]} 10. Qxb3 {[%clk 1:32:52]} Bb7
{[%clk 1:27:40]} 11. d3 {[%clk 1:24:52]} O-O {[%clk 1:27:49]} 12. a4
{[%clk 1:16:58]} c5 {[%clk 1:25:25]} 13. Nbd2 {[%clk 1:05:20]} Bc6
{[%clk 1:25:13]} 14. a5 {[%clk 1:03:57]} Nd7 {[%clk 1:13:08]} 15. d4
{[%clk 0:56:19]} exd4 {[%clk 1:12:56]} 16. cxd4 {[%clk 0:56:35]} Bf6
{[%clk 1:06:18]} 17. e5 {[%clk 0:42:10]} c4 {[%clk 1:04:03]} 18. Qc3
{[%clk 0:38:56]} dxe5 {[%clk 1:04:16]} 19. dxe5 {[%clk 0:39:09]} Be7
{[%clk 1:03:48]} 20. b3 {[%clk 0:38:40]} Rc8 {[%clk 0:43:41]} 21. bxc4
{[%clk 0:38:13]} bxc4 {[%clk 0:43:51]} 22. Nd4 {[%clk 0:35:35]} Bc5
{[%clk 0:22:06]} 23. Ne4 {[%clk 0:22:57]} Bxe4 {[%clk 0:19:34]} 24. Rxe4
{[%clk 0:22:57]} Nxe5 {[%clk 0:13:22]} 25. Nf5 {[%clk 0:19:26]} f6
{[%clk 0:10:43]} 26. Qg3 {[%clk 0:18:11]} Qd7 {[%clk 0:10:10]} 27. Bh6
{[%clk 0:17:48]} Rf7 {[%clk 0:09:54]} 28. Ne3 {[%clk 0:07:33]} Qd3
{[%clk 0:08:11]} 29. Rh4 {[%clk 0:06:03]} c3 {[%clk 0:06:13]} 30. Rd1
{[%clk 0:05:35]} Qg6 {[%clk 0:05:17]} 31. Bf4 {[%clk 0:02:10]} Qxg3
{[%clk 0:05:31]} 32. Bxg3 {[%clk 0:02:33]} Bxe3 {[%clk 0:05:45]} 0-1

[Event "MP do 16 lat - chlopcy"]
[Site "Sypniewo"]
[Date "2022.03.20"]
[Round "2.13"]
[White "Wnek, Filip"]
[Black "Paprocki, Antoni"]
[Result "1-0"]
[BlackElo "1831"]
[WhiteElo "2033"]
[LiveChessVersion "1.4.8"]

1. e4 {[%clk 1:30:56]} c6 {[%clk 1:30:50]} 2. d4 {[%clk 1:31:19]} d5
{[%clk 1:31:15]} 3. e5 {[%clk 1:31:03]} Bf5 {[%clk 1:31:20]} 4. h4
{[%clk 1:29:47]} h5 {[%clk 1:30:56]} 5. Bd3 {[%clk 1:29:55]} Bxd3
{[%clk 1:30:43]} 6. Qxd3 {[%clk 1:30:15]} Qa5+ {[%clk 1:29:09]} 7. Nd2
{[%clk 1:30:22]} e6 {[%clk 1:29:30]} 8. Ngf3 {[%clk 1:29:11]} c5 {[%clk 1:17:33]}
9. c4 {[%clk 1:21:39]} Qa6 {[%clk 1:07:15]} 10. O-O {[%clk 1:13:01]} Nc6
{[%clk 1:07:21]} 11. dxc5 {[%clk 1:02:28]} Bxc5 {[%clk 1:06:54]} 12. Qb3
{[%clk 1:00:04]} Nge7 {[%clk 0:58:15]} 13. cxd5 {[%clk 0:59:10]} Nxd5
{[%clk 0:58:35]} 14. Ne4 {[%clk 0:58:58]} Be7 {[%clk 0:59:00]} 15. Bg5
{[%clk 0:58:17]} Qb6 {[%clk 0:52:25]} 16. Qc2 {[%clk 0:52:38]} O-O
{[%clk 0:48:52]} 17. Bxe7 {[%clk 0:52:45]} Ndxe7 {[%clk 0:46:22]} 18. Nfg5
{[%clk 0:51:35]} Nf5 {[%clk 0:40:04]} 19. Qd1 {[%clk 0:48:27]} Qd4
{[%clk 0:34:10]} 20. Qxh5 {[%clk 0:35:10]} Nh6 {[%clk 0:34:38]} 21. Rfe1
{[%clk 0:32:56]} Qxe5 {[%clk 0:32:26]} 22. Rad1 {[%clk 0:32:00]} Rad8
{[%clk 0:24:23]} 23. Nd6 {[%clk 0:30:11]} Qxb2 {[%clk 0:23:18]} 24. Re2
{[%clk 0:14:34]} Qb4 {[%clk 0:19:14]} 25. Rxe6 {[%clk 0:13:29]} fxe6
{[%clk 0:07:24]} 26. Qg6 {[%clk 0:13:48]} Rf6 {[%clk 0:07:17]} 27. Qh7+
{[%clk 0:13:58]} Kf8 {[%clk 0:07:44]} 28. Qh8+ {[%clk 0:14:15]} Ke7
{[%clk 0:06:21]} 29. Qxg7+ {[%clk 0:14:21]} Rf7 {[%clk 0:06:50]} 30. Ngxf7
{[%clk 0:13:31]} Rg8 {[%clk 0:06:41]} 31. Nc8+ {[%clk 0:13:59]} Ke8
{[%clk 0:06:42]} 32. Nfd6+ {[%clk 0:13:53]} Kd8 {[%clk 0:07:07]} 33. Nb5+
{[%clk 0:13:30]} Ke8 {[%clk 0:06:24]} 34. Nc7# {[%clk 0:13:53]} 1-0

[Event "MP do 16 lat - chlopcy"]
[Site "Sypniewo"]
[Date "2022.03.20"]
[Round "2.14"]
[White "Czernecki, Andrzej"]
[Black "Kazmierowski, Tymon"]
[Result "0-1"]
[BlackElo "2032"]
[WhiteElo "1848"]
[LiveChessVersion "1.4.8"]

1. e4 {[%clk 1:30:58]} c5 {[%clk 1:30:54]} 2. Nc3 {[%clk 1:31:10]} d6
{[%clk 1:31:17]} 3. d4 {[%clk 1:31:36]} cxd4 {[%clk 1:31:40]} 4. Qxd4
{[%clk 1:32:01]} Nc6 {[%clk 1:31:58]} 5. Qd2 {[%clk 1:32:14]} g6 {[%clk 1:32:12]}
6. b3 {[%clk 1:32:11]} Bh6 {[%clk 1:32:29]} 7. f4 {[%clk 1:32:15]} Nf6
{[%clk 1:32:51]} 8. Bb2 {[%clk 1:28:33]} O-O {[%clk 1:32:44]} 9. Bd3
{[%clk 1:26:55]} e5 {[%clk 1:28:56]} 10. Nge2 {[%clk 1:24:27]} Re8
{[%clk 1:13:04]} 11. O-O-O {[%clk 1:07:42]} exf4 {[%clk 1:10:41]} 12. Kb1
{[%clk 1:07:04]} Bg4 {[%clk 1:06:07]} 13. h3 {[%clk 0:59:13]} Bxe2
{[%clk 0:55:37]} 14. Bxe2 {[%clk 0:55:24]} Nxe4 {[%clk 0:47:20]} 15. Nxe4
{[%clk 0:55:40]} Rxe4 {[%clk 0:47:45]} 16. Bf3 {[%clk 0:54:32]} Re3
{[%clk 0:44:29]} 17. Qxd6 {[%clk 0:46:52]} Qxd6 {[%clk 0:44:09]} 18. Rxd6
{[%clk 0:47:16]} Rae8 {[%clk 0:37:52]} 19. a3 {[%clk 0:46:40]} R3e6
{[%clk 0:28:15]} 20. Rd7 {[%clk 0:46:31]} R8e7 {[%clk 0:27:46]} 21. Rhd1
{[%clk 0:46:34]} Bg7 {[%clk 0:25:31]} 22. Bxc6 {[%clk 0:43:28]} bxc6
{[%clk 0:20:30]} 23. Rxe7 {[%clk 0:43:14]} Rxe7 {[%clk 0:20:58]} 24. Rd8+
{[%clk 0:43:34]} Bf8 {[%clk 0:21:26]} 25. Bf6 {[%clk 0:43:17]} Re6
{[%clk 0:21:46]} 26. Bc3 {[%clk 0:40:24]} f5 {[%clk 0:19:22]} 27. Bb4
{[%clk 0:40:23]} Rf6 {[%clk 0:19:35]} 28. Kc1 {[%clk 0:37:52]} Rf7
{[%clk 0:13:59]} 29. Rc8 {[%clk 0:37:36]} Kg7 {[%clk 0:14:15]} 30. Bxf8+
{[%clk 0:37:56]} Rxf8 {[%clk 0:14:44]} 31. Rxc6 {[%clk 0:38:14]} Rf7
{[%clk 0:14:37]} 32. Kd2 {[%clk 0:38:19]} Rd7+ {[%clk 0:14:05]} 33. Ke2
{[%clk 0:38:39]} g5 {[%clk 0:13:58]} 34. c4 {[%clk 0:38:30]} Re7+
{[%clk 0:11:56]} 35. Kf2 {[%clk 0:37:58]} Re3 {[%clk 0:11:45]} 36. Rc7+
{[%clk 0:36:55]} Kg6 {[%clk 0:12:09]} 37. Rxa7 Rxb3 {[%clk 0:12:34]} 38. a4
{[%clk 0:35:11]} g4 {[%clk 0:09:30]} 39. a5 {[%clk 0:33:13]} g3+ {[%clk 0:09:31]}
40. Ke2 {[%clk 1:01:10]} Rb2+ {[%clk 0:39:55]} 41. Kf1 Rf2+ {[%clk 0:36:49]} 42.
Kg1 {[%clk 0:57:27]} Rc2 {[%clk 0:37:15]} 43. Kf1 {[%clk 0:57:54]} Rxc4
{[%clk 0:37:41]} 44. Ra6+ {[%clk 0:57:28]} Kg5 {[%clk 0:37:36]} 45. Ra8
{[%clk 0:56:04]} f3 {[%clk 0:36:28]} 46. gxf3 {[%clk 0:56:14]} Kf4
{[%clk 0:36:47]} 47. Ke2 {[%clk 0:56:02]} Rc2+ {[%clk 0:37:06]} 48. Kd3
{[%clk 0:56:23]} Ra2 {[%clk 0:37:16]} 49. a6 {[%clk 0:56:13]} g2 {[%clk 0:37:31]}
50. Rg8 {[%clk 0:56:38]} Kxf3 {[%clk 0:37:55]} 0-1

[Event "MP do 16 lat - chlopcy"]
[Site "Sypniewo"]
[Date "2022.03.20"]
[Round "2.15"]
[White "Myrmus, Mateusz"]
[Black "Kubik, Rafal"]
[Result "1-0"]
[BlackElo "1732"]
[WhiteElo "1925"]
[LiveChessVersion "1.4.8"]

1. d4 {[%clk 1:30:58]} Nf6 {[%clk 1:30:38]} 2. c4 {[%clk 1:31:22]} g6
{[%clk 1:31:02]} 3. Nc3 {[%clk 1:31:46]} d5 {[%clk 1:31:27]} 4. Nf3
{[%clk 1:32:10]} Bg7 {[%clk 1:31:36]} 5. Qb3 {[%clk 1:32:34]} c6 {[%clk 1:29:18]}
6. cxd5 {[%clk 1:31:48]} Nxd5 {[%clk 1:28:03]} 7. Nxd5 {[%clk 1:23:29]} cxd5
{[%clk 1:26:05]} 8. e3 {[%clk 1:22:26]} O-O {[%clk 1:25:34]} 9. Bd3
{[%clk 1:21:35]} Nc6 {[%clk 1:22:09]} 10. O-O {[%clk 1:21:10]} b6
{[%clk 1:19:43]} 11. Bd2 {[%clk 1:21:20]} Bb7 {[%clk 1:18:50]} 12. Rfc1
{[%clk 1:20:37]} Rc8 {[%clk 1:15:15]} 13. Rc2 {[%clk 1:15:58]} e5
{[%clk 1:01:30]} 14. dxe5 {[%clk 1:11:44]} Nxe5 {[%clk 1:00:30]} 15. Nxe5
{[%clk 1:10:28]} Bxe5 {[%clk 1:00:44]} 16. Bb4 {[%clk 1:02:19]} Bd6
{[%clk 0:58:27]} 17. Rxc8 {[%clk 1:01:04]} Bxc8 {[%clk 0:58:42]} 18. Qa3
{[%clk 0:57:21]} Bxb4 {[%clk 0:58:00]} 19. Qxb4 {[%clk 0:57:46]} Bb7
{[%clk 0:55:35]} 20. Qd4 {[%clk 0:57:10]} f5 {[%clk 0:50:50]} 21. Rc1
{[%clk 0:56:05]} Qf6 {[%clk 0:47:52]} 22. Qxf6 {[%clk 0:53:09]} Rxf6
{[%clk 0:48:19]} 23. Kf1 {[%clk 0:49:20]} Rc6 {[%clk 0:47:09]} 24. Rxc6
{[%clk 0:49:46]} Bxc6 {[%clk 0:47:38]} 25. g3 {[%clk 0:49:30]} Kf7
{[%clk 0:47:42]} 26. Ke2 {[%clk 0:49:44]} Ke6 {[%clk 0:47:57]} 27. Kd2
{[%clk 0:49:15]} Kd6 {[%clk 0:47:25]} 28. Kc3 {[%clk 0:49:24]} Ke5
{[%clk 0:44:47]} 29. Bf1 {[%clk 0:46:53]} h6 {[%clk 0:41:48]} 30. Bg2
{[%clk 0:45:52]} Bb5 {[%clk 0:39:14]} 31. f4+ {[%clk 0:46:14]} Kd6
{[%clk 0:39:37]} 32. Kd4 {[%clk 0:46:39]} Bc6 {[%clk 0:39:47]} 33. Bf3
{[%clk 0:46:59]} h5 {[%clk 0:36:48]} 34. Be2 {[%clk 0:46:54]} Bd7
{[%clk 0:35:38]} 35. Ba6 {[%clk 0:46:34]} Bc6 {[%clk 0:34:55]} 36. h3
{[%clk 0:45:06]} Ke6 {[%clk 0:32:47]} 37. b4 {[%clk 0:43:01]} Kd6
{[%clk 0:32:23]} 38. b5 {[%clk 0:42:23]} Bd7 {[%clk 0:32:39]} 39. a4
{[%clk 0:41:24]} Be6 {[%clk 0:30:25]} 40. Bb7 {[%clk 1:11:26]} Bg8
{[%clk 1:00:00]} 41. Bc6 {[%clk 1:11:49]} Bf7 {[%clk 1:00:13]} 42. Kd3
{[%clk 1:05:45]} Ke7 {[%clk 0:55:56]} 43. Kc3 {[%clk 1:06:02]} Ke6
{[%clk 0:55:45]} 44. Kb4 {[%clk 1:06:24]} Kd6 {[%clk 0:55:29]} 45. a5
{[%clk 1:06:28]} bxa5+ {[%clk 0:51:35]} 46. Kxa5 {[%clk 1:06:39]} Kc7
{[%clk 0:51:36]} 47. Ka6 {[%clk 1:06:39]} Kb8 {[%clk 0:51:36]} 48. h4
{[%clk 1:06:35]} 1-0

[Event "MP do 16 lat - chlopcy"]
[Site "Sypniewo"]
[Date "2022.03.20"]
[Round "2.16"]
[White "Taranowicz, Michal"]
[Black "Rzenca, Jerzy"]
[Result "1-0"]
[BlackElo "1586"]
[WhiteElo "1965"]
[LiveChessVersion "1.4.8"]

1. e4 {[%clk 1:30:58]} c6 {[%clk 1:30:55]} 2. d4 {[%clk 1:31:25]} d5
{[%clk 1:31:19]} 3. e5 {[%clk 1:31:52]} Bf5 {[%clk 1:31:41]} 4. h4
{[%clk 1:32:19]} h5 {[%clk 1:31:53]} 5. Bg5 {[%clk 1:32:45]} Qb6 {[%clk 1:26:50]}
6. Bd3 {[%clk 1:32:47]} Bxd3 {[%clk 1:24:16]} 7. Qxd3 {[%clk 1:33:12]} Qxb2
{[%clk 1:17:03]} 8. e6 {[%clk 1:32:46]} Qxa1 {[%clk 1:08:45]} 9. Qb3
{[%clk 1:33:08]} Qxd4 {[%clk 1:08:20]} 10. Qxb7 {[%clk 1:33:29]} fxe6
{[%clk 0:55:06]} 11. Qxa8 {[%clk 1:33:44]} Qb6 {[%clk 0:46:36]} 12. Nd2
{[%clk 1:33:54]} Kf7 {[%clk 0:46:29]} 13. Ngf3 {[%clk 1:33:58]} Nd7
{[%clk 0:46:05]} 14. Be3 {[%clk 1:31:53]} c5 {[%clk 0:44:46]} 15. Ng5+
{[%clk 1:32:07]} Kf6 {[%clk 0:44:26]} 16. Qe8 {[%clk 1:32:15]} Nh6
{[%clk 0:42:15]} 17. Qxd7 {[%clk 1:32:26]} 1-0